LEADER 01040nam a2200265 u 4500 001 000000043949 003 CaOOAMICUS 005 20070226114509.0 008 990416n yu u000 u fre u 035 $a10820241 040 $aPUL(R)$bita 245 00$aTito la paix, la securité et la cooperation en Europe /$cchoix des textes Andjelko Bla?evi?. 260 $aBeograd :$b[s.n.],$cs.d.] 300 $a152 p. ;$c20 cm 504 $aBibliografia in nota. 600 14$aBroz Tito, Josip.$0(OLS)http://pul/subject/19263 651 4$aJugoslavia$xStoria.$0(OLS)http://pul/subject/19262 850 $aPUL 852 $aPUL$W1$xDP1 Cons. Gen., Altre Classi 1$y22$m45 G 17$j59204$nBK-PRI$b $qStampati$B59204$CPULBib$Z2$F59204 $H $81 941 1 $a8 960 $aYugoslavia$919262 960 $aIugoslavia$919262 961 $aINV: 44357 996 $6245$aTito la paix, la securité et la cooperation en Europe$9(OLS)http://pul/title/59291 996 $6260$aBeograd :$b[s.n.]$9(OLS)http://pul/publisher/65538 LEADER 01298nam a2200265 u 4500 001 000000113628 003 CaOOAMICUS 005 20081023150645.0 008 081023s2008 it u000 u ita r 020 $z978-88-01-04060-9* 040 $aPUL$bita$dLDB 245 03$aLa speranza: attesa di un eterno ritorno già donato :$bcommenti all'Enciclica "Spe salvi" di Benedetto XVI /$cGiovanni Russo (a cura di) 260 $aMessina :$bCoop. S. Tom.,$cc2008. 300 $a199 p. ;$c21 cm. 490 1 $aCultura e vita ;$v10 504 $aBibliografia: p. [193]-207. 610 24$aPapi (2005-2013 : Benedictus XVI)$tSpe salvi$xCommenti.$0(OLS)http://pul/subject/34850 700 1 $aRusso, Giovanni,$d1963-$0(OLS)http://pul/name/1165 830 0$aCultura e vita (Istituto Teologico S. Tommaso) ;$v10.$0(OLS)http://pul/title/103845 850 $aPUL 852 $aPUL$W1$xSL Religione 3$y85$m231 RUSGI 1$j129828$qDDC 21$B128891$CPULBib$Z2$F128891 $H108487 $82 941 1 $a9 996 $6020$z978-88-01-04060-9*$9(OLS)http://pul/number/138958 996 $6245$aLa speranza: attesa di un eterno ritorno già donato :$bcommenti all'Enciclica "Spe salvi" di Benedetto XVI$9(OLS)http://pul/title/142775 996 $6260$aMessina :$bCoop. S. Tom.$9(OLS)http://pul/publisher/75607